Geography Quiz

Random Geography or City Quiz

5-Star European Cities Quiz Stats

Quiz Updated Jun 2, 2016

Also try: 5-Star Movies
Challenge
Share
Tweet
Embed
Score 0/50 Timer 07:00
3 Plays Today
% Correct
Eiffel Tower
98.3%
The Louvre
95.4%
Big Ben
93.4%
Colosseum
91.8%
Buckingham Palace
91.2%
Champs-Elysees
90.3%
Moulin Rouge
89.4%
Acropolis Museum
85.5%
Brandenburg Gate
85.3%
Cannabis Coffeeshops
84.1%
Anne Frank House
83.5%
Reichstag
82.6%
Kremlin
82.5%
Trafalgar Square
82.2%
Temple of Olympian Zeus
82.2%
Sacré-Cœur
81.8%
Red Square
80.9%
Van Gogh Museum
76.4%
Sagrada Família
75.8%
Trevi Fountain
75.5%
St Paul's Cathedral
74.5%
Hellenic Parliament
74.3%
Bolshoi Theatre
74%
Checkpoint Charlie
71.6%
Hagia Sophia
70.9%
% Correct
Piazza Navona
69.8%
Circus Maximus
69.3%
La Rambla
68.7%
Potsdamer Platz
67.3%
Ancient Agora
66.2%
Rijksmuseum
66%
Grand Bazaar
65.5%
St. Basil's Cathedral
63.7%
Spanish Steps
62.7%
Gorky Park
56.7%
Dam Square
52.1%
Wenceslas Square
51.4%
The Shard
49.4%
Palau Nacional
49.4%
Camp Nou
47.6%
Topkapi Palace
47.3%
Charles Bridge
46.9%
Mount Lycabettus
45.9%
St. Vitus Cathedral
44.3%
Astronomical Clock
42.8%
Golden Horn
35.7%
The Lesser Town
33.7%
Spandau Citadel
33.6%
Basilica Cistern
32.8%
Magic Fountain of Montjuïc
27.8%

You're not logged in!

Compare scores with friends on all Sporcle quizzes.
Join for Free
OR
Log In

You Might Also Like...

Show Comments

Extras

Top Quizzes Today


Score Distribution

Your Account Isn't Verified!

In order to create a playlist on Sporcle, you need to verify the email address you used during registration. Go to your Sporcle Settings to finish the process.

Report this User

Report this user for behavior that violates our Community Guidelines.

Details: